[Event "SR 1. liga zapad 2014/2015"]
[Site "?"]
[Date "2015.03.14"]
[Round "10.1"]
[White "Gasa, Andrej"]
[Black "Sipos, Istvan"]
[Result "0-1"]
[WhiteElo "2317"]
[BlackElo "2491"]
[PlyCount "88"]
[EventDate "2014.??.??"]

1. d4 Nf6 2. Nf3 e6 3. c4 d5 4. Nc3 dxc4 5. Qa4+ Nc6 6. Qxc4 Nb4 7. Qb3 c5 8.
e3 cxd4 9. exd4 Be7 10. a3 Nc6 11. Be3 O-O 12. Be2 b6 13. Rc1 Bb7 14. O-O Na5
15. Qa2 Nd5 16. b4 Nxe3 17. fxe3 Nc6 18. Rfd1 Bg5 19. Rd3 Rc8 20. Rcd1 Bh6 21.
e4 Ne7 22. Qb3 Qd6 23. Ne5 Ba6 24. b5 Bb7 25. Bf3 Bf4 26. Ng4 Qd7 27. Nf2 Bb8
28. g3 Qc7 29. Ne2 Rfd8 30. Rc3 Qd7 31. Rdc1 Rxc3 32. Rxc3 a6 33. a4 h6 34. Kg2
axb5 35. axb5 e5 36. d5 Kh8 37. Nd1 f5 38. Ne3 fxe4 39. Bxe4 Bd6 40. Rd3 Bc5
41. Nc3 Bd4 42. Bf3 Nf5 43. Ned1 Bc8 44. Kh1 Nxg3+ 0-1

[Event "SR 1. liga zapad 2014/2015"]
[Site "?"]
[Date "2015.03.14"]
[Round "10.1"]
[White "Berczes, Csaba"]
[Black "Cajka, Tibor"]
[Result "1-0"]
[WhiteElo "2357"]
[BlackElo "2166"]
[PlyCount "55"]
[EventDate "2014.??.??"]

1. Nf3 d5 2. g3 Nf6 3. Bg2 Bg4 4. c4 c6 5. O-O e6 6. d3 Nbd7 7. cxd5 cxd5 8.
Nc3 Bd6 9. Nb5 Bf8 10. Be3 a6 11. Nc3 b5 12. Nd4 Bd6 13. a4 b4 14. Na2 a5 15.
Nb5 Qb8 16. Rc1 O-O 17. f3 Bf5 18. Bf2 e5 19. Rc6 Be7 20. Nc1 Rc8 21. Rxc8+
Qxc8 22. e4 dxe4 23. dxe4 Be6 24. b3 Qc6 25. Re1 Rd8 26. Re3 Nc5 27. Qc2 Rc8
28. Na7 1-0

[Event "SR 1. liga zapad 2014/2015"]
[Site "?"]
[Date "2015.03.14"]
[Round "10.1"]
[White "Jozefek, Michal"]
[Black "Janko, Michal"]
[Result "1/2-1/2"]
[WhiteElo "2064"]
[BlackElo "2280"]
[PlyCount "75"]
[EventDate "2014.??.??"]

1. Nf3 e6 2. d4 Nf6 3. c4 c5 4. Nc3 cxd4 5. Nxd4 a6 6. e3 Be7 7. Be2 O-O 8. O-O
Qc7 9. Qc2 d6 10. b3 Nbd7 11. Bb2 b6 12. Rfd1 Bb7 13. Rac1 Rac8 14. Bf3 Bxf3
15. Nxf3 Qb7 16. Qe2 Nc5 17. Nd2 Rb8 18. b4 Ncd7 19. Nb3 Rfc8 20. Rd4 Ne5 21.
a3 b5 22. cxb5 axb5 23. Na5 Qb6 24. Rcd1 Nc6 25. Nxc6 Rxc6 26. e4 Nd7 27. Nd5
exd5 28. exd5 Rc7 29. Qxe7 Nf6 30. Qe2 Re8 31. Qf3 Rce7 32. Kf1 Qb7 33. Bc1 Nd7
34. Rh4 g6 35. Bb2 Ne5 36. Qe3 Nc4 37. Qh6 f5 38. Qxg6+ 1/2-1/2

[Event "SR 1. liga zapad 2014/2015"]
[Site "?"]
[Date "2015.03.14"]
[Round "10.1"]
[White "Janko, Ladislav"]
[Black "Kimerling, Martin"]
[Result "1/2-1/2"]
[WhiteElo "2169"]
[BlackElo "2157"]
[PlyCount "118"]
[EventDate "2014.??.??"]

1. e4 d6 2. d4 Nf6 3. Nc3 e5 4. dxe5 dxe5 5. Qxd8+ Kxd8 6. Bg5 Be6 7. f4 exf4
8. e5 h6 9. Bxf4 Nfd7 10. O-O-O Nc6 11. Nf3 g5 12. Bg3 Bg7 13. Bb5 Kc8 14. Bxc6
bxc6 15. Nd4 Bg4 16. Rde1 c5 17. Ndb5 a6 18. Nxc7 Kxc7 19. e6+ Kc6 20. exd7
Bxc3 21. bxc3 Kxd7 22. Re5 Kc6 23. Bf2 Kd6 24. Rxc5 Rhc8 25. Rxc8 Rxc8 26. Kd2
Re8 27. Be3 f5 28. h3 Bh5 29. g4 Bg6 30. Rb1 Re6 31. c4 f4 32. Bd4 Be4 33. Rb6+
Kd7 34. Rxe6 Kxe6 35. Bg7 Bg2 36. Ke2 Bxh3 37. Kf3 Bf1 38. Bxh6 Bxc4 39. Bxg5
Bxa2 40. Bxf4 Bb1 41. c4 Bd3 42. c5 Kd5 43. Bd6 a5 44. Ke3 Bg6 45. Bf8 a4 46.
Kd2 Be8 47. Kc3 Ke4 48. Bd6 Bd7 49. g5 Kf5 50. Be7 Ke6 51. Bf6 Kd5 52. Kb4 Be8
53. Bb2 Ke6 54. Kc4 Kf5 55. Bc1 Bc6 56. Be3 Be8 57. Bd2 Bc6 58. Bc1 Be8 59. Kb4
Bc6 1/2-1/2

[Event "SR 1. liga zapad 2014/2015"]
[Site "?"]
[Date "2015.03.14"]
[Round "10.1"]
[White "Karas, Marek"]
[Black "Takacs, Laszlo"]
[Result "1-0"]
[WhiteElo "2170"]
[BlackElo "2110"]
[PlyCount "49"]
[EventDate "2014.??.??"]

1. d4 Nf6 2. c4 g6 3. Nc3 Bg7 4. e4 d6 5. Nf3 O-O 6. Be2 e5 7. O-O Nc6 8. d5
Ne7 9. b4 a5 10. bxa5 Rxa5 11. Nd2 b6 12. Nb3 Ra8 13. a4 Nd7 14. Be3 f5 15. f3
f4 16. Bf2 g5 17. a5 bxa5 18. Nxa5 Nf6 19. c5 Bd7 20. Nb7 Rxa1 21. Qxa1 Qe8 22.
cxd6 cxd6 23. Nxd6 Qg6 24. Nc4 Ne8 25. Qa7 1-0

[Event "SR 1. liga zapad 2014/2015"]
[Site "?"]
[Date "2015.03.14"]
[Round "10.1"]
[White "Balogh, Peter"]
[Black "Danada, Tomas"]
[Result "1-0"]
[WhiteElo "2028"]
[BlackElo "2118"]
[PlyCount "59"]
[EventDate "2014.??.??"]

1. e4 c6 2. d4 d5 3. e5 Bf5 4. h4 h5 5. Bg5 f6 6. Bf4 Qb6 7. Bd3 Qxb2 8. Bxf5
fxe5 9. Nd2 exf4 10. Ngf3 Qb6 11. Rb1 Qc7 12. Bg6+ Kd8 13. Ng5 Kc8 14. Bf5+ e6
15. Nxe6 Qf7 16. Bh3 Nd7 17. Nf3 Bd6 18. Ne5 Bxe5 19. dxe5 Qe7 20. Qd4 b6 21.
Nxf4 Kb7 22. Ng6 Qe8 23. Nxh8 Ngf6 24. O-O c5 25. Qf4 Ne4 26. Nf7 Nc3 27. Nd6+
Ka6 28. Nxe8 Ne2+ 29. Kh2 Nxf4 30. Nc7+ 1-0

[Event "SR 1. liga zapad 2014/2015"]
[Site "?"]
[Date "2015.03.14"]
[Round "10.1"]
[White "Spacek, Oliver"]
[Black "Dvorsky, Jozef"]
[Result "1-0"]
[WhiteElo "2011"]
[BlackElo "2018"]
[PlyCount "83"]
[EventDate "2014.??.??"]

1. d4 f5 2. c4 Nf6 3. Nc3 e6 4. g3 d5 5. Bg2 c6 6. Nf3 Bd6 7. O-O O-O 8. Qc2
Ne4 9. Bf4 g5 10. Nxe4 gxf4 11. Nxd6 Qxd6 12. gxf4 Qxf4 13. e3 Qh6 14. Ne5 f4
15. e4 Nd7 16. Nf3 Nf6 17. Nd2 Ng4 18. h3 Nf6 19. e5 Ne8 20. Kh2 Rf5 21. Rg1
Kf7 22. Bf3 Ng7 23. Bg4 Rg5 24. Nf3 Rg6 25. cxd5 exd5 26. e6+ Nxe6 27. Ne5+ Kg7
28. Nxg6 hxg6 29. Bxe6 Bxe6 30. Rxg6+ Qxg6 31. Rg1 Qxg1+ 32. Kxg1 Rh8 33. Qe2
Kf7 34. Qe5 Rxh3 35. Qxf4+ Ke7 36. Qc7+ Bd7 37. Qxb7 Rd3 38. Qxa7 Rd2 39. Kg2
Rc2 40. b4 Kd8 41. a4 Bf5 42. b5 1-0

[Event "SR 1. liga zapad 2014/2015"]
[Site "?"]
[Date "2015.03.14"]
[Round "10.2"]
[White "Lanc, Alois"]
[Black "Bottyan, Peter"]
[Result "1-0"]
[WhiteElo "2344"]
[BlackElo "2239"]
[PlyCount "111"]
[EventDate "2014.??.??"]

1. e4 e6 2. d4 d5 3. Nc3 Bb4 4. e5 b6 5. Qg4 Bf8 6. h4 Nc6 7. h5 Bb7 8. a3 Qd7
9. Bb5 O-O-O 10. Nf3 Kb8 11. O-O Re8 12. Be3 f6 13. Rfd1 Nge7 14. h6 Nf5 15.
hxg7 Bxg7 16. Bf4 h5 17. Qh3 fxe5 18. Bxe5 Reg8 19. Ne2 Qe7 20. Bxc6 Bxc6 21.
Nf4 Be8 22. a4 Bxe5 23. Nxe5 Qf6 24. c3 Nh4 25. Ned3 Rg4 26. Kf1 Rhg8 27. g3
Nf5 28. Re1 h4 29. Rxe6 Qf8 30. Rae1 Bxa4 31. Ne5 Nxg3+ 32. fxg3 Rxg3 33. Qxh4
R8g4 34. Rf6 Rg1+ 35. Kf2 Qg7 36. Rxg1 Rxg1 37. Rg6 Rxg6 38. Nfxg6 Kb7 39. Qh8
Qxh8 40. Nxh8 Bc2 41. Nhf7 c5 42. Ke3 Kc7 43. Ng5 Kd6 44. Kd2 Bf5 45. Ngf3 c4
46. Kc1 b5 47. Nd2 Bh7 48. b3 Bf5 49. Kb2 Be6 50. Ka3 a5 51. Kb2 Bg8 52. b4 a4
53. Nb1 Kc7 54. Na3 Kb6 55. Kc2 Bh7+ 56. Kd2 1-0

[Event "SR 1. liga zapad 2014/2015"]
[Site "?"]
[Date "2015.03.14"]
[Round "10.2"]
[White "Kukel, Imre"]
[Black "Vass, Frantisek"]
[Result "0-1"]
[WhiteElo "2279"]
[BlackElo "2280"]
[PlyCount "126"]
[EventDate "2014.??.??"]

1. e4 e6 2. d4 d5 3. Nc3 Nf6 4. e5 Nfd7 5. f4 c5 6. Nf3 Nc6 7. Be3 Be7 8. Qd2
a6 9. dxc5 Bxc5 10. O-O-O b5 11. f5 Bb7 12. fxe6 fxe6 13. Ng5 Bxe3 14. Qxe3 Qe7
15. Nf3 O-O-O 16. g3 d4 17. Nxd4 Nxd4 18. Qxd4 Nc5 19. Qg1 Rxd1+ 20. Nxd1 Bxh1
21. Qxh1 Qg5+ 22. Kb1 Kc7 23. a3 Qxe5 24. Bg2 Rd8 25. Nc3 Rd2 26. g4 Qd6 27.
Qf1 Qxh2 28. Qf7+ Nd7 29. Be4 Qg1+ 30. Ka2 Qxg4 31. Bxh7 Qc4+ 32. Ka1 Rg2 33.
Bd3 Rg1+ 34. Nb1 Qd5 35. Qf4+ e5 36. Qf2 Qd4 37. Qf5 g5 38. Ka2 Qd5+ 39. c4
bxc4 40. Be4 Qd1 41. Qe6 Qb3+ 42. Ka1 Qb5 43. Ka2 a5 44. Bc2 a4 45. Qf7 g4 46.
Qf2 Rc1 47. Qa7+ Qb7 48. Qxa4 g3 49. Nc3 g2 50. Qxc4+ Kb8 51. Be4 Ra1+ 52. Kxa1
g1=Q+ 53. Ka2 Qc7 54. Qb5+ Qgb6 55. Qd5 Qa6 56. Nb5 Qcb6 57. Qg8+ Qc8 58. Qd5
Qba6 59. Nd6 Qc5 60. Qg8+ Ka7 61. Qa8+ Kb6 62. Qd8+ Qc7 63. Qe7 Qca7 0-1

[Event "SR 1. liga zapad 2014/2015"]
[Site "?"]
[Date "2015.03.14"]
[Round "10.2"]
[White "Lukac, Roman"]
[Black "Szegi, Tamas"]
[Result "1-0"]
[WhiteElo "2092"]
[BlackElo "2186"]
[PlyCount "41"]
[EventDate "2014.??.??"]

1. e4 c5 2. Nf3 e6 3. Nc3 d6 4. d4 cxd4 5. Nxd4 a6 6. Bc4 Nf6 7. Bb3 b5 8. Qe2
Bb7 9. f3 Qc7 10. Be3 Nbd7 11. O-O-O Nc5 12. g4 Nfd7 13. Bg5 h6 14. Bh4 g5 15.
Bg3 Ne5 16. h4 Rg8 17. hxg5 hxg5 18. Rh7 Be7 19. Nxe6 fxe6 20. Bxe5 dxe5 21.
Qh2 1-0

[Event "SR 1. liga zapad 2014/2015"]
[Site "?"]
[Date "2015.03.14"]
[Round "10.2"]
[White "Pallag, Gergely"]
[Black "Miklas, Marian"]
[Result "0-1"]
[WhiteElo "2101"]
[BlackElo "2112"]
[PlyCount "80"]
[EventDate "2014.??.??"]

1. d4 Nf6 2. Bg5 Ne4 3. Bf4 c5 4. f3 Qa5+ 5. c3 Nf6 6. Nd2 cxd4 7. Nb3 Qd8 8.
Bxb8 Rxb8 9. Qxd4 a6 10. e4 d6 11. Rd1 Be6 12. e5 dxe5 13. Qxe5 Qc8 14. Nc5
Bxa2 15. Nh3 e6 16. Nxa6 bxa6 17. Bxa6 Rb7 18. Bxb7 Qxb7 19. Qa5 Bd5 20. O-O
Be7 21. Nf4 Bc6 22. b4 O-O 23. Qe5 Bd8 24. Nd3 Bc7 25. Qg5 Bb5 26. Rfe1 Nd5 27.
Qc1 Qc6 28. Nc5 Bb6 29. Kh1 Bxc5 30. c4 Bxb4 31. Re4 Rc8 32. Qb2 Bxc4 33. Rc1
Bc3 34. Qa3 Bd3 35. Ra4 g6 36. h4 Qb6 37. h5 Rc4 38. Ra8+ Kg7 39. Qf8+ Kf6 40.
hxg6 Rh4# 0-1

[Event "SR 1. liga zapad 2014/2015"]
[Site "?"]
[Date "2015.03.14"]
[Round "10.2"]
[White "Kavon, Rastislav"]
[Black "Berek, Geza"]
[Result "1/2-1/2"]
[WhiteElo "2153"]
[BlackElo "2143"]
[PlyCount "78"]
[EventDate "2014.??.??"]

1. e4 g6 2. d4 Bg7 3. Nc3 d6 4. Be3 a6 5. Qd2 Nd7 6. O-O-O b5 7. f3 Bb7 8. h4
h5 9. Nh3 Rc8 10. Ng5 c5 11. dxc5 Nxc5 12. Bd4 Nf6 13. Nd5 Bxd5 14. exd5 Qc7
15. Kb1 Qb7 16. Bxf6 Bxf6 17. Ne4 Nxe4 18. fxe4 Kf8 19. Be2 Kg7 20. g4 hxg4 21.
Bxg4 Rc4 22. h5 Rxe4 23. hxg6 Rd4 24. Qg2 Rxd1+ 25. Rxd1 fxg6 26. Bf5 g5 27.
Rh1 Qa8 28. c3 a5 29. Bd3 b4 30. cxb4 axb4 31. b3 Rxh1+ 32. Qxh1 Qh8 33. Qxh8+
Kxh8 34. Bf5 Kg7 35. Kc2 Bd4 36. Kd3 Kf6 37. Ke4 Bc3 38. Be6 Kg6 39. Bg4 Kf6
1/2-1/2

[Event "SR 1. liga zapad 2014/2015"]
[Site "?"]
[Date "2015.03.14"]
[Round "10.2"]
[White "Molnar, Erno"]
[Black "Arendas, Marek"]
[Result "1/2-1/2"]
[WhiteElo "2027"]
[BlackElo "2104"]
[PlyCount "53"]
[EventDate "2014.??.??"]

1. e4 c5 2. Nf3 e6 3. d4 cxd4 4. Nxd4 a6 5. Nc3 Qc7 6. Bd3 Nc6 7. Nb3 Nf6 8.
Qe2 Bb4 9. Bd2 O-O 10. O-O b6 11. f4 d5 12. e5 Ne8 13. Rf3 f5 14. exf6 Nxf6 15.
Re1 Bd6 16. Qf2 e5 17. Nxd5 Nxd5 18. fxe5 Be7 19. Bxh7+ Kxh7 20. Rxf8 Bxf8 21.
Qxf8 Qe7 22. Qf3 Qe6 23. c4 Nde7 24. Qh5+ Kg8 25. Qe8+ Kh7 26. Qh5+ Kg8 27.
Qe8+ 1/2-1/2

[Event "SR 1. liga zapad 2014/2015"]
[Site "?"]
[Date "2015.03.14"]
[Round "10.2"]
[White "Puskar, Peter"]
[Black "Goth, Gabriel"]
[Result "1-0"]
[WhiteElo "2051"]
[BlackElo "2057"]
[PlyCount "79"]
[EventDate "2014.??.??"]

1. d4 Nf6 2. c4 g6 3. Nc3 d5 4. cxd5 Nxd5 5. e4 Nxc3 6. bxc3 Bg7 7. Bc4 O-O 8.
Be3 c5 9. Ne2 cxd4 10. cxd4 Nc6 11. O-O Na5 12. Bd3 Bg4 13. f3 Be6 14. d5 Bxa1
15. Qxa1 f6 16. Bh6 Re8 17. Rd1 Bd7 18. Nf4 Qc7 19. Bf1 Qd6 20. Nd3 Rac8 21. e5
Qxd5 22. exf6 exf6 23. Qxf6 Qf7 24. Qb2 Be6 25. Ne5 Qc7 26. Ng4 Bxg4 27. fxg4
Qe5 28. Qd2 Nc4 29. Qf2 Nb6 30. h4 Rcd8 31. Bf4 Qf6 32. g5 Qc6 33. Rc1 Qe6 34.
a4 Rc8 35. a5 Rxc1 36. Bxc1 Nd7 37. Qxa7 Ne5 38. Qxb7 Ng4 39. a6 Re7 40. a7 1-0

[Event "SR 1. liga zapad 2014/2015"]
[Site "?"]
[Date "2015.03.14"]
[Round "10.2"]
[White "Jakab, Bela"]
[Black "Bango, Lukas"]
[Result "0-1"]
[WhiteElo "1897"]
[BlackElo "1917"]
[PlyCount "90"]
[EventDate "2014.??.??"]

1. e4 c5 2. Nf3 d6 3. c3 Nf6 4. Qc2 g6 5. Bc4 Bg7 6. d3 O-O 7. Bf4 Nc6 8. a4 e6
9. O-O a6 10. Na3 d5 11. Ba2 h6 12. Be3 b6 13. e5 Ng4 14. d4 Nxe3 15. fxe3 Bd7
16. Rf2 Rc8 17. Qd3 Ne7 18. b3 cxd4 19. exd4 Nf5 20. g4 Nh4 21. Raf1 Nxf3+ 22.
Rxf3 Qe7 23. Nc2 b5 24. axb5 Bxb5 25. c4 Bc6 26. R3f2 Qg5 27. Qg3 dxc4 28. bxc4
Be4 29. c5 Qe7 30. Qc3 Ba8 31. Ne1 Qb7 32. Ng2 Kh7 33. h4 Qc6 34. Bb1 Kg8 35.
h5 f5 36. g5 hxg5 37. hxg6 Bh6 38. Qh3 Kg7 39. Ne3 Rh8 40. Nxf5+ exf5 41. Rxf5
g4 42. Rf7+ Kg8 43. Ba2 Be3+ 44. R1f2 Qh1+ 45. Qxh1 Rxh1# 0-1

[Event "SR 1. liga zapad 2014/2015"]
[Site "?"]
[Date "2015.03.14"]
[Round "10.3"]
[White "Sosovicka, Juraj"]
[Black "Motuz, Karol"]
[Result "1/2-1/2"]
[WhiteElo "2215"]
[BlackElo "2336"]
[PlyCount "52"]
[EventDate "2014.??.??"]

1. b3 Nf6 2. Bb2 g6 3. e4 d6 4. g3 Bg7 5. Bg2 c5 6. Ne2 Nc6 7. O-O O-O 8. c4 e5
9. Nbc3 Nd4 10. d3 Rb8 11. f4 exf4 12. Nxf4 a6 13. Nce2 Nc6 14. Qd2 Re8 15. Nd5
Nxd5 16. Bxg7 Kxg7 17. exd5 Ne5 18. d4 cxd4 19. Nxd4 h6 20. Rae1 Bd7 21. Qf2 f5
22. Qd2 Qb6 23. Kh1 Re7 24. Qc3 a5 25. Ne6+ Kf6 26. c5 Qb4 1/2-1/2

[Event "SR 1. liga zapad 2014/2015"]
[Site "?"]
[Date "2015.03.14"]
[Round "10.3"]
[White "Obona, Jan"]
[Black "Zetocha, Claudiu"]
[Result "0-1"]
[WhiteElo "2166"]
[BlackElo "2307"]
[PlyCount "66"]
[EventDate "2014.??.??"]

1. Nf3 c5 2. g3 b6 3. Bg2 Bb7 4. O-O Nf6 5. c4 e6 6. Nc3 d6 7. d3 Be7 8. a3 O-O
9. Rb1 Nbd7 10. Bd2 a6 11. b4 Qc7 12. Qb3 Rab8 13. Rbc1 Rfc8 14. e4 Ne5 15. Ne2
Nxf3+ 16. Bxf3 Nd7 17. Bg2 Bf6 18. f4 b5 19. Be3 bxc4 20. dxc4 Bc6 21. f5 exf5
22. Rxf5 Qb7 23. Qd3 cxb4 24. Rcf1 b3 25. Bd4 Ne5 26. Qb1 b2 27. Rxf6 gxf6 28.
Rxf6 Bxe4 29. Bxe4 Qxe4 30. Qxe4 b1=Q+ 31. Qxb1 Rxb1+ 32. Kg2 Nxc4 33. Rf5 Ne5
0-1

[Event "SR 1. liga zapad 2014/2015"]
[Site "?"]
[Date "2015.03.14"]
[Round "10.3"]
[White "Petran, Peter"]
[Black "Chovanec, Milan"]
[Result "1-0"]
[WhiteElo "2330"]
[BlackElo "2143"]
[PlyCount "79"]
[EventDate "2014.??.??"]

1. c4 Nf6 2. g3 e6 3. Nf3 d5 4. b3 Be7 5. Bb2 c5 6. Bg2 Nc6 7. cxd5 exd5 8. d4
O-O 9. O-O b6 10. Nc3 Bb7 11. e3 Ba6 12. Re1 c4 13. Ne5 Rc8 14. bxc4 Bxc4 15.
Nxc4 dxc4 16. Qa4 Na5 17. Rad1 a6 18. Qc2 b5 19. a3 Nb3 20. Ne4 Qa5 21. d5 Nxe4
22. Bxe4 g6 23. h4 c3 24. Qxb3 cxb2 25. Qxb2 Qxa3 26. Qb1 Qb4 27. Re2 Qxb1 28.
Rxb1 Rc4 29. Bf3 Rd8 30. e4 f6 31. Bg2 Bc5 32. Kh2 Rb8 33. f4 Bd4 34. e5 Kf8
35. d6 Bc5 36. Ra2 fxe5 37. fxe5 Re8 38. Rf1+ Kg7 39. d7 Rd8 40. e6 1-0

[Event "SR 1. liga zapad 2014/2015"]
[Site "?"]
[Date "2015.03.14"]
[Round "10.3"]
[White "Kukucka, Matej"]
[Black "Havlicek, Libor"]
[Result "0-1"]
[WhiteElo "2073"]
[BlackElo "2278"]
[PlyCount "78"]
[EventDate "2014.??.??"]

1. e4 c5 2. Nc3 Nc6 3. f4 e6 4. Nf3 a6 5. d3 d5 6. g3 b5 7. Bg2 Nf6 8. e5 Ng8
9. O-O Nge7 10. Qe1 Nf5 11. Ne2 h5 12. c3 Rb8 13. a4 b4 14. h3 Na5 15. Qf2 Nb3
16. Ra2 a5 17. Rd1 Ba6 18. g4 hxg4 19. hxg4 Nxc1 20. Nxc1 Nh4 21. Ne2 Nxf3+ 22.
Bxf3 Qh4 23. Qxh4 Rxh4 24. c4 Bb7 25. b3 g5 26. cxd5 Bxd5 27. Bxd5 exd5 28. Kf2
Rxg4 29. Kf3 Rh4 30. fxg5 Bg7 31. Nf4 Bxe5 32. Nxd5 Rd8 33. Nb6 Bc7 34. Re2+
Kf8 35. Nc4 Rh3+ 36. Kf2 Rd5 37. Ne3 Rxg5 38. Ke1 Bf4 39. Kd2 Rxe3 0-1

[Event "SR 1. liga zapad 2014/2015"]
[Site "?"]
[Date "2015.03.14"]
[Round "10.3"]
[White "Ruckschloss, Karol"]
[Black "Mikusik, Marian"]
[Result "1-0"]
[WhiteElo "2207"]
[BlackElo "2110"]
[PlyCount "79"]
[EventDate "2014.??.??"]

1. c4 d6 2. d4 Nd7 3. e4 c5 4. d5 g6 5. h4 Bg7 6. h5 gxh5 7. Qxh5 Qa5+ 8. Nd2
Ngf6 9. Qg5 Rg8 10. Qf4 Ne5 11. Ngf3 Ng6 12. Qe3 Bd7 13. a3 O-O-O 14. Rb1 Qc7
15. b4 e6 16. bxc5 dxc5 17. dxe6 Bxe6 18. Bb2 Ng4 19. Qb3 Bh6 20. Bc3 f5 21.
Be2 Nf4 22. Be5 Nxg2+ 23. Kf1 Qc6 24. Bg3 f4 25. Bh4 Nxh4 26. Rxh4 Rg6 27. Qb2
Bg7 28. Qb5 h6 29. Qxc6+ bxc6 30. Nb3 Bf8 31. Na5 Bd7 32. Rb7 Bd6 33. Rxa7 Bb8
34. Ra6 Kc7 35. Nb3 Kc8 36. Nxc5 Ne5 37. Nxe5 Bxe5 38. Nd3 Kb7 39. Nxe5 Re6 40.
Nxd7 1-0

[Event "SR 1. liga zapad 2014/2015"]
[Site "?"]
[Date "2015.03.14"]
[Round "10.3"]
[White "Skrabakova, Katarina"]
[Black "Hacik, Radomir"]
[Result "0-1"]
[WhiteElo "2010"]
[BlackElo "2143"]
[PlyCount "42"]
[EventDate "2014.??.??"]

1. e4 c6 2. d4 d5 3. exd5 cxd5 4. c4 Nf6 5. Nc3 e6 6. Bg5 Be7 7. Nf3 O-O 8. Bd3
Nc6 9. O-O dxc4 10. Bxc4 b6 11. d5 Na5 12. Qe2 Nxc4 13. Qxc4 exd5 14. Qd3 Bb7
15. Rfe1 h6 16. Bh4 Re8 17. Rad1 Rc8 18. Nd4 g6 19. Re6 Ne4 20. Nxe4 dxe4 21.
Qg3 Qxd4 0-1

[Event "SR 1. liga zapad 2014/2015"]
[Site "?"]
[Date "2015.03.14"]
[Round "10.3"]
[White "Capak, Stefan"]
[Black "Sulek, Viliam"]
[Result "0-1"]
[WhiteElo "2063"]
[BlackElo "2043"]
[PlyCount "74"]
[EventDate "2014.??.??"]

1. d4 Nf6 2. Nf3 g6 3. g3 Bg7 4. Bg2 O-O 5. O-O d5 6. c4 Nc6 7. cxd5 Nxd5 8.
Nc3 Nb6 9. e3 Re8 10. Qe2 e5 11. dxe5 Nxe5 12. Rd1 Nxf3+ 13. Bxf3 Qe7 14. Bd2
c6 15. Rac1 Be6 16. b3 a5 17. Ne4 Bf5 18. Nc3 a4 19. Bg4 Bxg4 20. Qxg4 axb3 21.
axb3 Ra3 22. Rb1 h5 23. Qe2 Qe6 24. Na4 Nd7 25. Bc1 Ra1 26. Rxa1 Bxa1 27. Qc2
Bg7 28. Bb2 Bxb2 29. Nxb2 Ne5 30. Nc4 Nf3+ 31. Kg2 Ng5 32. Qe2 h4 33. Rd4 h3+
34. Kg1 Ra8 35. f3 Qf5 36. Kf2 Qb1 37. Qd1 Ra2+ 0-1

[Event "SR 1. liga zapad 2014/2015"]
[Site "?"]
[Date "2015.03.14"]
[Round "10.4"]
[White "Schwarz, Dusan"]
[Black "Borik, Juraj"]
[Result "1-0"]
[WhiteElo "2339"]
[BlackElo "2188"]
[PlyCount "61"]
[EventDate "2014.??.??"]

1. d4 f5 2. g3 Nf6 3. Bg2 g6 4. Nf3 Bg7 5. O-O O-O 6. c4 d6 7. Nc3 c6 8. b3 Qe8
9. Qc2 h6 10. Ba3 g5 11. Rae1 Qh5 12. e4 fxe4 13. Nxe4 Nh7 14. Ned2 Bf5 15. Qc1
Rf7 16. Re3 Nd7 17. Bb2 Raf8 18. d5 c5 19. Bxg7 Rxg7 20. Rfe1 Rff7 21. Qa3 Nhf6
22. Qxa7 Ng4 23. Qxb7 Nde5 24. Rxe5 dxe5 25. Nf1 e4 26. Ne5 Nxf2 27. Nxf7 Nd3
28. Rxe4 Qxf7 29. Re3 Qf6 30. d6 Qd4 31. dxe7 1-0

[Event "SR 1. liga zapad 2014/2015"]
[Site "?"]
[Date "2015.03.14"]
[Round "10.4"]
[White "Podoba, Milan"]
[Black "Federic, Jozef"]
[Result "1/2-1/2"]
[WhiteElo "2131"]
[BlackElo "2305"]
[PlyCount "134"]
[EventDate "2014.??.??"]

1. e4 c5 2. Nf3 e6 3. d4 cxd4 4. Nxd4 Nf6 5. Nc3 Nc6 6. Ndb5 Bb4 7. a3 Bxc3+ 8.
Nxc3 d5 9. exd5 exd5 10. Bd3 O-O 11. O-O d4 12. Ne2 Qd5 13. Bf4 Bf5 14. f3 Rfd8
15. Qd2 Rac8 16. Rfd1 Nd7 17. Bxf5 Qxf5 18. Nxd4 Nxd4 19. Qxd4 Nf8 20. Qe5 Qxc2
21. Rxd8 Rxd8 22. Rc1 Qb3 23. Qc3 Qb5 24. Be5 Ne6 25. Qe3 h6 26. Bc3 a6 27. Re1
Rd5 28. h3 Qd7 29. Kf1 Qc7 30. Kg1 Rg5 31. Be5 Qc2 32. Re2 Qd1+ 33. Re1 Qd5 34.
Kh1 Rg6 35. Re2 Nf8 36. Bc3 Re6 37. Qd2 Qc4 38. Rxe6 Nxe6 39. Kg1 Nf4 40. Kf2
f6 41. Bd4 Ne6 42. Bc3 Qh4+ 43. Kf1 Qc4+ 44. Kf2 Qc6 45. Kf1 Kf7 46. Kf2 Nc7
47. Bd4 Nb5 48. Be3 Nd6 49. Bd4 Nc4 50. Qc3 Qd5 51. Be3 b5 52. Bd4 a5 53. Be3
a4 54. Bd4 Qf5 55. Ke2 Qg6 56. Kf2 Qb1 57. Qe1 Qd3 58. Bc3 Qc2+ 59. Qe2 Qf5 60.
Qd1 Qc5+ 61. Qd4 Qc6 62. Qa7+ Kg6 63. Qd4 Kf7 64. Qa7+ Kg8 65. Qd4 Qe6 66. Qd8+
Kf7 67. Qd4 Qc6 1/2-1/2

[Event "SR 1. liga zapad 2014/2015"]
[Site "?"]
[Date "2015.03.14"]
[Round "10.4"]
[White "Kleman, Miroslav"]
[Black "Bombek, Peter"]
[Result "0-1"]
[WhiteElo "2231"]
[BlackElo "2156"]
[PlyCount "102"]
[EventDate "2014.??.??"]

1. e4 e6 2. d4 d5 3. e5 c5 4. c3 Bd7 5. Nf3 Nc6 6. Bd3 cxd4 7. cxd4 Qb6 8. O-O
Nxd4 9. Nxd4 Qxd4 10. Nc3 Qb6 11. Kh1 Ne7 12. f4 Nc6 13. f5 O-O-O 14. Bg5 Be7
15. f6 gxf6 16. exf6 Bd6 17. Bh6 Ne5 18. Rc1 Kb8 19. Bb1 Rhg8 20. Bg7 Ng6 21.
h3 Rc8 22. Qd2 Rc4 23. b3 Rh4 24. Qe1 Qd4 25. Rd1 Qe5 26. Qxe5 Bxe5 27. Ne2 Bb5
28. Bd3 Bxd3 29. Rxd3 Rc8 30. Ng1 Rf4 31. Nf3 Rc2 32. Bh6 Re4 33. Nxe5 Rxe5 34.
Bf4 Nxf4 35. Rxf4 Rg5 36. Rg4 Rg6 37. Rxg6 hxg6 38. g4 Rxa2 39. Rf3 Re2 40. h4
Re4 41. Rg3 Rf4 42. h5 gxh5 43. g5 Kc7 44. g6 fxg6 45. Rxg6 Kd6 46. Rg7 Rxf6
47. Rxb7 Rf3 48. Kg2 Rd3 49. Rxa7 Rxb3 50. Rh7 Rb4 51. Rxh5 Rf4 0-1

[Event "SR 1. liga zapad 2014/2015"]
[Site "?"]
[Date "2015.03.14"]
[Round "10.4"]
[White "Sukuba, Zdeno"]
[Black "Matejovic, Juraj"]
[Result "0-1"]
[WhiteElo "2096"]
[BlackElo "2203"]
[PlyCount "24"]
[EventDate "2014.??.??"]

1. c4 Nf6 2. Nc3 g6 3. d4 Bg7 4. Nf3 O-O 5. e4 d6 6. h3 e5 7. dxe5 dxe5 8. Qxd8
Rxd8 9. Bg5 c6 10. Nxe5 h6 11. Be3 Nxe4 12. Nxf7 Bxc3+ 0-1

[Event "SR 1. liga zapad 2014/2015"]
[Site "?"]
[Date "2015.03.14"]
[Round "10.4"]
[White "Banas, Kamil"]
[Black "Lazo, Juraj"]
[Result "1-0"]
[WhiteElo "2213"]
[BlackElo "2098"]
[PlyCount "129"]
[EventDate "2014.??.??"]

1. e4 Nf6 2. Nc3 d5 3. e5 Nfd7 4. d4 e6 5. f4 c5 6. Nf3 Nc6 7. Be3 a6 8. Qd2
cxd4 9. Nxd4 Bb4 10. Nb3 O-O 11. Bd3 f6 12. exf6 Nxf6 13. a3 Bd6 14. O-O-O Qc7
15. g3 b5 16. Rhe1 b4 17. axb4 Bxb4 18. Bc5 Bxc5 19. Nxc5 Qd6 20. Qf2 Rf7 21.
Bf1 Rb8 22. N3e4 Nxe4 23. Rxe4 Nd8 24. Re2 Rc7 25. Nd3 a5 26. f5 Rf7 27. g4
exf5 28. Bg2 Be6 29. Qc5 Qc7 30. Qxc7 Rxc7 31. Rxe6 Nxe6 32. Bxd5 fxg4 33.
Bxe6+ Kf8 34. Bxg4 g6 35. Kd2 Rc4 36. h3 Kg7 37. Ra1 Rb5 38. b3 Rd4 39. Kc3 Rd6
40. Nb2 h5 41. Nc4 Rdd5 42. Be6 Rg5 43. Rf1 Rg3+ 44. Kd4 Rg2 45. Rf7+ Kh6 46.
Ne3 Rg3 47. Nd5 Rg1 48. Ra7 Rc1 49. Kc4 Rb8 50. c3 Rb1 51. Nf6 Kg5 52. Ne4+ Kf4
53. Nc5 g5 54. Rxa5 g4 55. Nd3+ Ke3 56. Rxh5 R1xb3 57. hxg4 R3b6 58. Rh3+ Kd2
59. Nc5 Rc6 60. g5 Re8 61. Bd7 Re4+ 62. Kd5 Rxc5+ 63. Kxc5 Re5+ 64. Kd6 Rxg5
65. c4 1-0

[Event "SR 1. liga zapad 2014/2015"]
[Site "?"]
[Date "2015.03.14"]
[Round "10.4"]
[White "Pupak, Tomas"]
[Black "Mydlarik, Martin"]
[Result "0-1"]
[WhiteElo "2022"]
[BlackElo "2138"]
[PlyCount "67"]
[EventDate "2014.??.??"]

1. Nf3 Nf6 2. d4 e6 3. e3 b6 4. Bd3 Bb7 5. O-O Be7 6. b3 O-O 7. Bb2 c5 8. Nbd2
Nc6 9. a3 d6 10. Qe2 Qc7 11. Rac1 Rac8 12. c4 Rfe8 13. Rfd1 Qb8 14. Bb1 cxd4
15. exd4 Bf8 16. Ne4 Nxe4 17. Qxe4 g6 18. Qh4 Ne7 19. d5 e5 20. Ng5 h6 21. Ne4
Red8 22. Nf6+ Kh8 23. f4 Bg7 24. fxe5 dxe5 25. Re1 Qd6 26. Bxe5 Qc5+ 27. Kh1
Ng8 28. Bb2 Qf8 29. Rf1 Rd6 30. Rce1 Qd8 31. Re6 fxe6 32. Qg4 Ne7 33. dxe6 Rd2
34. Be4 0-1